[Event "Ste-Foy 1"]
[Site "Ste-Foy CAN"]
[Date "2022.12.12"]
[Round "6"]
[White "Dhouib, Rizchk"]
[Black "Sarra-Bournet, Marc"]
[Result "0-1"]
[WhiteElo "1234"]
[BlackElo "1767"]
[PlyCount "34"]
[EventDate "2022.11.07"]
[EventType "swiss"]
[EventRounds "7"]
[EventCountry "CAN"]

1. e4 e5 2. Nf3 Nc6 3. Bb5 a6 4. Bxc6 dxc6 5. O-O Bg4 6. h3 h5 7. d3 Bc5 8. b3
Qf6 9. Nbd2 Ne7 10. Bb2 Ng6 11. Qe1 O-O-O 12. a3 Bxf3 13. Nxf3 h4 14. Qc3 Bd4
15. Nxd4 exd4 16. Qd2 Nf4 17. Rae1 Qg5 0-1

[Event "Ste-Foy 1"]
[Site "Ste-Foy CAN"]
[Date "2022.12.12"]
[Round "6"]
[White "Gaudreau, Eric"]
[Black "Warren, Alexandre"]
[Result "1-0"]
[WhiteElo "1658"]
[BlackElo "1428"]
[PlyCount "85"]
[EventDate "2022.11.07"]
[EventType "swiss"]
[EventRounds "7"]
[EventCountry "CAN"]

1. e4 c6 2. d4 d5 3. e5 c5 4. Nf3 Nc6 5. Nc3 Bg4 6. Bb5 e6 7. O-O Nge7 8. Bg5
Qb6 9. dxc5 Qxc5 10. Qd4 Qxd4 11. Nxd4 Rc8 12. f3 Bh5 13. g4 Bg6 14. h4 h6 15.
Bxe7 Bxe7 16. h5 Bh7 17. Nce2 O-O 18. Bxc6 bxc6 19. c3 Bd3 20. Rfd1 Ba6 21. a4
Bc5 22. Kg2 Bxe2 23. Nxe2 Rb8 24. b4 Bb6 25. f4 a5 26. Rab1 Bc7 27. Nd4 Rb6 28.
b5 cxb5 29. Nxb5 Rc6 30. Nxc7 Rxc7 31. Rb5 Ra8 32. f5 Rc4 33. fxe6 fxe6 34. Rb6
Kf7 35. Rf1+ Ke7 36. Rb7+ Ke8 37. Rxg7 Rac8 38. Rf6 R8c6 39. Rxh6 Kf8 40. Ra7
Rxg4+ 41. Kf3 Rg8 42. Ra8+ Kg7 43. Rg6+ 1-0

[Event "Ste-Foy 1"]
[Site "Ste-Foy CAN"]
[Date "2022.12.12"]
[Round "6"]
[White "Gauthier, Vincent"]
[Black "Couture, Francois"]
[Result "1-0"]
[WhiteElo "985"]
[BlackElo "1186"]
[PlyCount "71"]
[EventDate "2022.11.07"]
[EventType "swiss"]
[EventRounds "7"]
[EventCountry "CAN"]

1. c4 b6 2. d4 e6 3. e4 Bb7 4. Nc3 Bb4 5. Bd3 Qh4 6. Nf3 Qg4 7. d5 f5 8. exf5
e5 9. Qe2 d6 10. Bd2 Bxc3 11. Bxc3 Nd7 12. O-O-O Ngf6 13. Bc2 O-O-O 14. h3 Qh5
15. g4 Qf7 16. Ng5 Qg8 17. Ne6 Re8 18. g5 Nxd5 19. cxd5 Nc5 20. Rhg1 Nxe6 21.
dxe6 g6 22. f4 Qf8 23. fxe5 gxf5 24. exd6 Rg8 25. d7+ Kb8 26. dxe8=Q+ Qxe8 27.
Bxf5 Rf8 28. Bf6 Qc6+ 29. Qc2 Qf3 30. e7 Qe3+ 31. Kb1 Re8 32. Rge1 Qg3 33. Rd8+
Bc8 34. Red1 Kb7 35. Bxc8+ Kb8 36. Ba6+ 1-0

[Event "Ste-Foy 1"]
[Site "Ste-Foy CAN"]
[Date "2022.12.12"]
[Round "6"]
[White "Gingras, Philippe"]
[Black "Laurendeau, Alfred"]
[Result "1-0"]
[WhiteElo "1936"]
[BlackElo "1508"]
[PlyCount "37"]
[EventDate "2022.11.07"]
[EventType "swiss"]
[EventRounds "7"]
[EventCountry "CAN"]

1. d4 Nf6 2. Bg5 d5 3. e3 Bf5 4. Bxf6 exf6 5. Nf3 c6 6. c4 Bb4+ 7. Nc3 O-O 8.
Bd3 Bxd3 9. Qxd3 Qe7 10. cxd5 cxd5 11. O-O Bxc3 12. Qxc3 Nc6 13. Qb3 Qe6 14.
Rfc1 Ne7 15. Rc7 b6 16. Qa3 Nc6 17. Rc1 Rfc8 18. R1xc6 Rxc7 19. Rxc7 1-0

[Event "Ste-Foy 1"]
[Site "Ste-Foy CAN"]
[Date "2022.12.12"]
[Round "6"]
[White "Laflamme, Simon"]
[Black "Berube, Antoine"]
[Result "1/2-1/2"]
[WhiteElo "2017"]
[BlackElo "2158"]
[PlyCount "82"]
[EventDate "2022.11.07"]
[EventType "swiss"]
[EventRounds "7"]
[EventCountry "CAN"]

1. e4 c5 2. Nf3 d6 3. d4 cxd4 4. Nxd4 Nf6 5. Nc3 a6 6. Be2 e5 7. Nb3 Be7 8. O-O
O-O 9. Be3 Be6 10. Qd3 Nbd7 11. a4 Rc8 12. a5 Bc4 13. Qd2 Bxe2 14. Qxe2 Qc7 15.
Rfd1 h6 16. f3 Qc4 17. Qxc4 Rxc4 18. Nd2 Rc6 19. Bf2 Rfc8 20. Nf1 Bd8 21. Ne3
g6 22. Be1 b6 23. Ncd5 Ra8 24. Nb4 Rcc8 25. Rxd6 Be7 26. Rdd1 Bc5 27. Kf2 bxa5
28. Rxa5 Bb6 29. Rxa6 Rxa6 30. Nxa6 Rxc2+ 31. Rd2 Rc1 32. Re2 Ra1 33. Nb4 Nc5
34. Bc3 Ra4 35. Bxe5 Ncxe4+ 36. fxe4 Ng4+ 37. Kg3 Nxe5 38. Ned5 Bc5 39. Kf4 Bd6
40. Nf6+ Kf8 41. Nbd5 h5 1/2-1/2

[Event "Ste-Foy 1"]
[Site "Ste-Foy CAN"]
[Date "2022.12.12"]
[Round "6"]
[White "Michaud, Jacques"]
[Black "Fleury, Dominic"]
[Result "0-1"]
[WhiteElo "1513"]
[BlackElo "1415"]
[PlyCount "96"]
[EventDate "2022.11.07"]
[EventType "swiss"]
[EventRounds "7"]
[EventCountry "CAN"]

1. d4 d5 2. Bg5 Nf6 3. Nf3 Ne4 4. Bh4 f6 5. e3 Bf5 6. Bd3 e6 7. Bxe4 Bxe4 8.
Nbd2 Bg6 9. Ne5 Be7 10. Nxg6 hxg6 11. Bg3 Nd7 12. Qg4 Kf7 13. e4 f5 14. Qf3
dxe4 15. Nxe4 Nb6 16. O-O-O Qd5 17. Nc3 Qxf3 18. gxf3 c6 19. Be5 a5 20. Bc7 Nd5
21. Nxd5 cxd5 22. Rd3 b5 23. Rc3 Rhc8 24. Bb6 Rxc3 25. bxc3 a4 26. Kd2 Bd6 27.
Rb1 Rb8 28. Ba5 Bxh2 29. Bb4 g5 30. Ke2 Ke8 31. Bc5 Kd7 32. Rh1 Bf4 33. Rh7 Rg8
34. Rh1 Kc6 35. Be7 e5 36. dxe5 Bxe5 37. Kd3 Bf6 38. Bb4 Rd8 39. Re1 Kd7 40.
Rd1 d4 41. cxd4 Bxd4 42. Kxd4 Kc6+ 43. Ke5 Rxd1 44. Kxf5 Rf1 45. Kxg5 Rxf2 46.
f4 Kd5 47. Kg6 Rxf4 48. Kxg7 Rxb4 0-1

[Event "Ste-Foy 1"]
[Site "Ste-Foy CAN"]
[Date "2022.12.19"]
[Round "7"]
[White "Berube, Antoine"]
[Black "Poliquin, Yvon"]
[Result "1-0"]
[WhiteElo "2158"]
[BlackElo "1915"]
[PlyCount "81"]
[EventDate "2022.11.07"]
[EventType "swiss"]
[EventRounds "7"]
[EventCountry "CAN"]

1. d4 d5 2. c4 c6 3. Nf3 Nf6 4. e3 e6 5. b3 Nbd7 6. Bd3 Bd6 7. Bb2 b6 8. Nbd2
Bb7 9. O-O Qe7 10. Ne5 Ba3 11. Bxa3 Qxa3 12. Nxd7 Nxd7 13. e4 Qd6 14. e5 Qe7
15. cxd5 cxd5 16. Qh5 Nb8 17. Rac1 Ba6 18. Bb5+ Kf8 19. Bxa6 Nxa6 20. Rc3 Rd8
21. Rfc1 h6 22. Qe2 Qb7 23. b4 b5 24. a4 Kg8 25. Qxb5 Qxb5 26. axb5 Nxb4 27.
Rc7 Rb8 28. Rxa7 Rxb5 29. Rcc7 Kh7 30. Rxf7 Rg8 31. Rac7 Rb6 32. h4 Nc6 33. Nf3
Na5 34. g3 Nc6 35. Kg2 Na5 36. Rce7 Nc4 37. h5 Ra6 38. Rf6 Kh8 39. Rfxe6 Ra2
40. Nh4 Rf8 41. Ng6+ 1-0

[Event "Ste-Foy 1"]
[Site "Ste-Foy CAN"]
[Date "2022.12.19"]
[Round "7"]
[White "Dube, Dominic"]
[Black "Gaudreau, Eric"]
[Result "1-0"]
[WhiteElo "1765"]
[BlackElo "1658"]
[PlyCount "43"]
[EventDate "2022.11.07"]
[EventType "swiss"]
[EventRounds "7"]
[EventCountry "CAN"]

1. e4 g6 2. d4 Bg7 3. f4 d6 4. Nf3 a6 5. Bc4 e6 6. O-O b5 7. Bd3 Bb7 8. f5 Nf6
9. e5 dxe5 10. dxe5 Ng4 11. f6 Bh6 12. Bxh6 Nxh6 13. c3 Qd5 14. Qe2 Qc5+ 15.
Kh1 Nd7 16. b4 Qb6 17. Ng5 Rd8 18. Bc2 Nf5 19. Bxf5 gxf5 20. Nxf7 Kxf7 21. Qh5+
Kf8 22. Qh6+ 1-0

[Event "Ste-Foy 1"]
[Site "Ste-Foy CAN"]
[Date "2022.12.19"]
[Round "7"]
[White "Fleury, Dominic"]
[Black "Belanger, Mathieu-Olivier"]
[Result "0-1"]
[WhiteElo "1415"]
[BlackElo "1797"]
[PlyCount "72"]
[EventDate "2022.11.07"]
[EventType "swiss"]
[EventRounds "7"]
[EventCountry "CAN"]

1. d4 Nf6 2. Nf3 e6 3. Bg5 d5 4. Nc3 Be7 5. e3 Nbd7 6. Bd3 c5 7. b3 a6 8. a4
Qa5 9. Qd2 c4 10. Nxd5 Qxd2+ 11. Nxd2 exd5 12. bxc4 h6 13. Bf4 Bb4 14. Ke2 O-O
15. Nf3 dxc4 16. Bxc4 Nb6 17. Bd3 Nbd5 18. Be5 Bg4 19. h3 Bh5 20. g4 Nxg4 21.
hxg4 Bxg4 22. Be4 Nc3+ 23. Kd3 f6 24. Rag1 Nxe4 25. Kxe4 Bxf3+ 26. Kxf3 fxe5+
27. Ke2 exd4 28. exd4 Rae8+ 29. Kd3 Rxf2 30. Rxh6 a5 31. Rb6 Re7 32. c3 Rf3+
33. Kc4 Rxc3+ 34. Kd5 Ra3 35. Rh6 Rxa4 36. Ra1 Rxa1 0-1

[Event "Ste-Foy 1"]
[Site "Ste-Foy CAN"]
[Date "2022.12.19"]
[Round "7"]
[White "Gingras, Philippe"]
[Black "Laflamme, Simon"]
[Result "1-0"]
[WhiteElo "1936"]
[BlackElo "2017"]
[PlyCount "41"]
[EventDate "2022.11.07"]
[EventType "swiss"]
[EventRounds "7"]
[EventCountry "CAN"]

1. d4 Nf6 2. Bg5 d5 3. e3 c5 4. Bxf6 gxf6 5. dxc5 e6 6. c4 dxc4 7. Qxd8+ Kxd8
8. Bxc4 Bxc5 9. Ne2 Bd7 10. Nbc3 Bc6 11. O-O-O+ Ke8 12. Rhg1 Nd7 13. Nd4 Rc8
14. Nxc6 Rxc6 15. Bb5 Rc7 16. Rxd7 Rxd7 17. Bxd7+ Kxd7 18. Rd1+ Kc7 19. Kb1 Rd8
20. Nb5+ Kc8 21. Rc1 1-0

[Event "Ste-Foy 1"]
[Site "Ste-Foy CAN"]
[Date "2022.12.19"]
[Round "7"]
[White "Sarra-Bournet, Marc"]
[Black "Potvin, Alain-Nicolas"]
[Result "0-1"]
[WhiteElo "1767"]
[BlackElo "1677"]
[PlyCount "68"]
[EventDate "2022.11.07"]
[EventType "swiss"]
[EventRounds "7"]
[EventCountry "CAN"]

1. e4 d6 2. d4 Nf6 3. Nc3 g6 4. f4 Bg7 5. Nf3 O-O 6. Be2 Na6 7. O-O c5 8. d5
Nc7 9. h3 b5 10. e5 dxe5 11. Nxe5 b4 12. Nc6 Qd6 13. Nb5 Nxb5 14. Bxb5 Kh8 15.
Bc4 Bb7 16. Qf3 Bxc6 17. Rd1 Rad8 18. f5 Bxd5 19. Bxd5 Nxd5 20. c4 bxc3 21.
bxc3 Qe5 22. Bd2 Nxc3 23. Re1 Qd4+ 24. Be3 Qd3 25. Rac1 Rd5 26. fxg6 fxg6 27.
Qg4 Bd4 28. Bxd4+ Qxd4+ 29. Qxd4+ cxd4 30. Rxe7 d3 31. Rxc3 d2 32. Rcc7 d1=Q+
33. Kh2 Qd4 34. Rxh7+ Kg8 0-1

[Event "Ste-Foy 1"]
[Site "Ste-Foy CAN"]
[Date "2022.12.19"]
[Round "7"]
[White "Warren, Alexandre"]
[Black "Gauthier, Vincent"]
[Result "1/2-1/2"]
[WhiteElo "1428"]
[BlackElo "985"]
[PlyCount "117"]
[EventDate "2022.11.07"]
[EventType "swiss"]
[EventRounds "7"]
[EventCountry "CAN"]

1. d4 Nf6 2. Bf4 e6 3. Nf3 d5 4. Nbd2 c5 5. e3 a6 6. c3 Nbd7 7. Bd3 Be7 8. O-O
O-O 9. Re1 Re8 10. e4 dxe4 11. Nxe4 Nxe4 12. Bxe4 Nf6 13. Bc2 b6 14. Qe2 Bb7
15. Rad1 Qc8 16. Ne5 Rd8 17. Bb3 Bd5 18. c4 Bb7 19. dxc5 Bxc5 20. Rxd8+ Qxd8
21. Nxf7 Kxf7 22. Qxe6+ Kf8 23. Rd1 Qe7 24. Qxe7+ Bxe7 25. Bc2 Rd8 26. Bc7
Rxd1+ 27. Bxd1 b5 28. cxb5 axb5 29. Be2 Bc6 30. a3 b4 31. axb4 Bxb4 32. Bd3 Ke7
33. Be5 h6 34. Kf1 Ke6 35. Bd4 Bd6 36. g3 Be5 37. Bc4+ Bd5 38. Bxd5+ Kxd5 39.
Bxe5 Kxe5 40. Ke2 Ke4 41. h3 Nd5 42. f3+ Kd4 43. Kd2 g5 44. b3 h5 45. h4 gxh4
46. gxh4 Ke5 47. Kd3 Kf4 48. Kd4 Ne3 49. b4 Nc2+ 50. Kc5 Na3 51. b5 Nxb5 52.
Kxb5 Kxf3 53. Kc4 Kg4 54. Kd3 Kxh4 55. Ke2 Kg3 56. Kf1 Kh2 57. Kf2 h4 58. Kf3
h3 59. Kf2 1/2-1/2

[Event "Toronto Closed-A"]
[Site "Toronto CAN"]
[Date "2022.09.12"]
[Round "1"]
[White "Derraugh, Geordie"]
[Black "Plotkin, Victor"]
[Result "0-1"]
[WhiteElo "2337"]
[BlackElo "2414"]
[PlyCount "118"]
[EventDate "2022.09.12"]
[EventType "tourn"]
[EventRounds "9"]
[EventCountry "CAN"]

1. e4 e5 2. Bc4 Nf6 3. d3 Nc6 4. Nc3 Bb4 5. Nf3 d6 6. O-O Na5 7. Bb3 Nxb3 8.
axb3 h6 9. Be3 O-O 10. Ne2 d5 11. Nxe5 dxe4 12. dxe4 Nxe4 13. Qxd8 Rxd8 14.
Rxa7 Rxa7 15. Bxa7 Nd2 16. Rc1 f6 17. Nc4 b6 18. Nxd2 Rxd2 19. Ng3 Bb7 20. Nf1
Re2 21. Ng3 Rd2 22. Nf1 Re2 23. Ng3 Re8 24. c3 Bf8 25. Ra1 Kf7 26. Kf1 Rd8 27.
Nf5 Be4 28. Nd4 Bc5 29. Ra4 Bd3+ 30. Ke1 Re8+ 31. Kd1 Ke7 32. Kd2 Bf1 33. Ra1
Bxd4 34. Rxf1 Be5 35. g3 Ra8 36. Ra1 Kd7 37. Ra4 Kc6 38. Rg4 f5 39. Rc4+ Kb7
40. Bxb6 cxb6 41. f4 Bf6 42. Rb4 Ra2 43. Kc2 Ra1 44. Rb5 Rh1 45. h4 Rg1 46.
Rxf5 Rxg3 47. h5 Rg2+ 48. Kb1 Rf2 49. b4 Kc6 50. Ka1 Kd6 51. Rb5 Bd8 52. Rf5
Ke6 53. Re5+ Kf6 54. Re8 Bc7 55. Rc8 Bxf4 56. Rc6+ Kg5 57. Rxb6 Kxh5 58. c4 g5
59. c5 g4 0-1

[Event "Toronto Closed-A"]
[Site "Toronto CAN"]
[Date "2022.09.12"]
[Round "1"]
[White "Gandolfi, Fred"]
[Black "Malakhovets, Sergey"]
[Result "0-1"]
[WhiteElo "2194"]
[BlackElo "2198"]
[PlyCount "128"]
[EventDate "2022.09.12"]
[EventType "tourn"]
[EventRounds "9"]
[EventCountry "CAN"]

1. d4 d5 2. c4 c6 3. Nc3 Nf6 4. Nf3 e6 5. Bf4 dxc4 6. e4 b5 7. a4 Bb4 8. axb5
cxb5 9. Qc2 Bb7 10. Nd2 a6 11. e5 Qxd4 12. exf6 Qxf4 13. fxg7 Qe5+ 14. Be2 Qxg7
15. O-O-O Nc6 16. Nf3 Bxc3 17. bxc3 O-O 18. h4 Rad8 19. Rh3 Rxd1+ 20. Bxd1 Kh8
21. Rg3 Qh6+ 22. Kb2 f5 23. Qe2 e5 24. Nxe5 Nxe5 25. Qxe5+ Qf6 26. Qxf6+ Rxf6
27. Bf3 Bxf3 28. Rxf3 Kg7 29. Re3 Kf7 30. Re2 Re6 31. Rd2 Ke7 32. Ka3 Re4 33.
g3 f4 34. gxf4 Rxf4 35. Kb4 Rxh4 36. Kc5 Rh6 37. f4 Rh3 38. Kb4 Rh6 39. Kc5 Rf6
40. Rh2 h6 41. Kd5 Kf7 42. Ke5 Re6+ 43. Kf5 Rc6 44. Rb2 Rc5+ 45. Ke4 a5 46. Kd4
Rh5 47. Ke4 Kg6 48. Rg2+ Kf6 49. Rd2 Rh3 50. Rd6+ Kf7 51. Rb6 Rxc3 52. Rxb5 a4
53. Ra5 a3 54. Kd4 Rf3 55. Kxc4 Rxf4+ 56. Kd3 Rh4 57. Ke3 Ke7 58. Kf3 Rh3+ 59.
Kg2 Rc3 60. Kh1 Rc1+ 61. Kh2 Rc2+ 62. Kh1 a2 63. Re5+ Kd6 64. Re1 Rb2 0-1

[Event "Toronto Closed-A"]
[Site "Toronto CAN"]
[Date "2022.09.12"]
[Round "1"]
[White "Gavrilin, Roman"]
[Black "Jaferian, Koosha"]
[Result "1/2-1/2"]
[WhiteElo "2267"]
[BlackElo "2355"]
[PlyCount "66"]
[EventDate "2022.09.12"]
[EventType "tourn"]
[EventRounds "9"]
[EventCountry "CAN"]

1. e4 e5 2. Nf3 Nc6 3. Bb5 a6 4. Ba4 Nf6 5. O-O Be7 6. Re1 b5 7. Bb3 O-O 8. a4
Bb7 9. d4 Nxd4 10. Bxf7+ Rxf7 11. Nxe5 Ne6 12. Nxf7 Kxf7 13. Nc3 Bb4 14. Bd2
Kg8 15. Nd5 Bc5 16. Bc3 Nxd5 17. exd5 Qh4 18. g3 Qh3 19. Re5 Bxf2+ 20. Kxf2
Qxh2+ 21. Ke3 Qxg3+ 22. Qf3 Qg6 23. Qh5 Qg3+ 24. Qf3 Qxf3+ 25. Kxf3 b4 26. Kg3
bxc3 27. dxe6 cxb2 28. Rb1 dxe6 29. Rxe6 Bd5 30. Re5 Bc6 31. Rc5 Bxa4 32. Rxb2
Ra7 33. Rb4 Bd7 1/2-1/2

[Event "Toronto Closed-A"]
[Site "Toronto CAN"]
[Date "2022.09.12"]
[Round "1"]
[White "Rusonik, Max"]
[Black "Barron, Michael"]
[Result "1-0"]
[WhiteElo "2279"]
[BlackElo "2277"]
[PlyCount "129"]
[EventDate "2022.09.12"]
[EventType "tourn"]
[EventRounds "9"]
[EventCountry "CAN"]

1. e4 e5 2. Nf3 Nc6 3. Bb5 a6 4. Ba4 Nf6 5. O-O Be7 6. Re1 b5 7. Bb3 O-O 8. c3
d6 9. h3 Na5 10. Bc2 c5 11. d4 Qc7 12. d5 Bd7 13. b3 c4 14. b4 Nb7 15. a4 g6
16. Qe2 Nh5 17. Kh2 f6 18. Be3 Rfb8 19. a5 Rf8 20. Rg1 Nd8 21. Nbd2 Nf4 22.
Bxf4 exf4 23. Nd4 Nf7 24. Qf3 g5 25. g3 Ne5 26. Qh5 fxg3+ 27. Rxg3 Kh8 28. Rag1
Rg8 29. Nf1 Be8 30. Qd1 Bg6 31. Ne3 Rae8 32. Nef5 Bf8 33. Qd2 Bf7 34. h4 gxh4
35. Rxg8+ Bxg8 36. f4 Ng6 37. Qf2 Bf7 38. Nxh4 Bh6 39. Nxg6+ hxg6 40. Qh4 Kh7
41. Rg3 Rh8 42. Kg1 Qe7 43. e5 dxe5 44. Nf5 Qf8 45. Qxf6 exf4 46. Rg2 Be8 47.
Qe5 f3 48. Rg3 Rg8 49. Ne7 Rg7 50. d6 Qf4 51. Qxf4 Bxf4 52. Rh3+ Bh6 53. Be4
f2+ 54. Kf1 Bd7 55. Rh2 Rxe7 56. dxe7 Kg7 57. Rxf2 Bg5 58. Bd5 Bf6 59. Re2 Be8
60. Re3 Bg5 61. Re6 Bf6 62. Rxa6 Bxe7 63. Re6 Kf8 64. a6 Bf7 65. a7 1-0

[Event "Toronto Closed-A"]
[Site "Toronto CAN"]
[Date "2022.11.14"]
[Round "1"]
[White "Shih, Matthew"]
[Black "Huang, Youhe"]
[Result "0-1"]
[WhiteElo "2165"]
[BlackElo "2232"]
[PlyCount "106"]
[EventDate "2022.09.12"]
[EventType "tourn"]
[EventRounds "9"]
[EventCountry "CAN"]

1. c4 e5 2. Nc3 Nf6 3. g3 Bb4 4. Bg2 O-O 5. Nf3 Re8 6. O-O e4 7. Ne1 d6 8. Nc2
Bxc3 9. bxc3 Nc6 10. Ne3 Ng4 11. Qc2 Nxe3 12. fxe3 f5 13. d3 d5 14. cxd5 Qxd5
15. c4 Qe5 16. Rb1 b6 17. d4 Qe7 18. Bd2 Qg5 19. Rf4 Ne7 20. Qa4 Rd8 21. Qb3
Be6 22. d5 c6 23. Bb4 cxd5 24. h4 Qf6 25. Qa3 Ng6 26. Rff1 h5 27. c5 Qe5 28.
Kf2 d4 29. c6 Rac8 30. Rbc1 a5 31. Bd2 d3 32. Bc3 Qb5 33. Bd4 dxe2 34. Rfe1
Rxc6 35. Rb1 Qa6 36. Rxe2 Rdc8 37. Bf1 Bc4 38. Rd2 Bxf1 39. Rxf1 Kh7 40. Qb2
Qb7 41. Kg2 Qf7 42. Qb5 Rc2 43. Rff2 Qxa2 44. Qxf5 Rxd2 45. Qxh5+ Kg8 46. Rxd2
Qxd2+ 47. Kh3 Ne7 48. Qg5 Kf8 49. Qxg7+ Ke8 50. h5 Qe2 51. Qg5 Qf1+ 52. Kh4 Rc2
53. Qe5 Qf5 0-1

[Event "Toronto Closed-A"]
[Site "Toronto CAN"]
[Date "2022.09.19"]
[Round "2"]
[White "Barron, Michael"]
[Black "Derraugh, Geordie"]
[Result "0-1"]
[WhiteElo "2277"]
[BlackElo "2337"]
[PlyCount "96"]
[EventDate "2022.09.12"]
[EventType "tourn"]
[EventRounds "9"]
[EventCountry "CAN"]

1. e4 c5 2. Nf3 e6 3. d4 cxd4 4. Nxd4 Nc6 5. c4 Nf6 6. Nc3 Bb4 7. Nxc6 bxc6 8.
e5 Ne4 9. Qd4 Qa5 10. Bd2 Nxd2 11. Kxd2 Bc5 12. Qh4 Qb6 13. Kc2 Bxf2 14. Qg5
O-O 15. Bd3 Qe3 16. Qxe3 Bxe3 17. Rae1 Bb6 18. b4 a5 19. c5 axb4 20. cxb6 bxc3
21. Kxc3 Ra3+ 22. Kd4 c5+ 23. Kxc5 Rxd3 24. Rd1 Ra3 25. Rd2 Ra5+ 26. Kb4 Rxe5
27. Rc1 Ba6 28. a4 Rb8 29. a5 Re4+ 30. Ka3 d5 31. Rc7 Kf8 32. Rb2 Rc4 33. Ra7
Rc3+ 34. Ka4 Bd3 35. b7 Rc4+ 36. Rb4 Ke7 37. a6 Rxb4+ 38. Kxb4 Bxa6 39. Rxa6
Rxb7+ 40. Kc5 Rc7+ 41. Kd4 Rc4+ 42. Kd3 Kf6 43. Rd6 Rf4 44. Ke3 Ke5 45. Rd7 h5
46. g3 d4+ 47. Ke2 Rf5 48. Kd3 Rf2 0-1

[Event "Toronto Closed-A"]
[Site "Toronto CAN"]
[Date "2022.09.19"]
[Round "2"]
[White "Gandolfi, Fred"]
[Black "Shih, Matthew"]
[Result "1-0"]
[WhiteElo "2194"]
[BlackElo "2165"]
[PlyCount "139"]
[EventDate "2022.09.12"]
[EventType "tourn"]
[EventRounds "9"]
[EventCountry "CAN"]

1. d4 Nf6 2. c4 e6 3. Nf3 d5 4. Nc3 Bb4 5. e3 O-O 6. Bd2 b6 7. cxd5 exd5 8. Bd3
Bb7 9. O-O Nbd7 10. Ne5 Nxe5 11. dxe5 Bxc3 12. Bxc3 Ne4 13. Qc2 Qe7 14. Bxe4
dxe4 15. Rfd1 Rfd8 16. Rxd8+ Rxd8 17. Rd1 Rd7 18. h3 Qd8 19. Rxd7 Qxd7 20. Qd2
Qxd2 21. Bxd2 Bd5 22. a3 a5 23. Kh2 Kf8 24. Kg3 Ke7 25. Kf4 Ke6 26. h4 h5 27.
Bc3 g6 28. f3 a4 29. fxe4 Bc4 30. Kf3 Bd3 31. Kf4 Be2 32. Kg3 Bf1 33. Kf2 Bd3
34. Kf3 Bc2 35. Kf4 Bd3 36. Kf3 Kd7 37. Kf4 Bf1 38. g4 hxg4 39. Kxg4 Bd3 40.
Kf4 Bc4 41. Kg5 Be6 42. Kf4 Kc6 43. Kf3 Kb5 44. Ke2 Kc4 45. Kd2 Kb3 46. Kc1 c5
47. Kd2 b5 48. Kc1 b4 49. axb4 cxb4 50. Bd4 Bc4 51. e6 Bxe6 52. Be5 Bc4 53. Kd2
Ka2 54. Kc1 Bd3 55. Bf6 Bxe4 56. Be5 Kb3 57. Kd2 Bf5 58. Bf6 Kc4 59. Bg7 Kb3
60. Bf6 Be4 61. Bg7 Bb1 62. Kc1 Ka2 63. Bf6 a3 64. bxa3 bxa3 65. Bg7 Bf5 66.
Bf6 Kb3 67. Bg7 Be4 68. Bf6 Kc4 69. Kd2 a2 70. Ba1 1-0

[Event "Toronto Closed-A"]
[Site "Toronto CAN"]
[Date "2022.09.19"]
[Round "2"]
[White "Huang, Youhe"]
[Black "Rusonik, Max"]
[Result "0-1"]
[WhiteElo "2232"]
[BlackElo "2279"]
[PlyCount "100"]
[EventDate "2022.09.12"]
[EventType "tourn"]
[EventRounds "9"]
[EventCountry "CAN"]

1. Nf3 d5 2. c4 e6 3. g3 dxc4 4. Bg2 a6 5. a4 Nc6 6. Qc2 Na5 7. O-O Nf6 8. Na3
Qd5 9. Nh4 Qc5 10. d3 cxd3 11. Qxd3 Nd5 12. Rd1 Be7 13. Bxd5 Qxd5 14. Qxd5 exd5
15. Rxd5 Nb3 16. Rb1 Be6 17. Rd3 Rd8 18. Rxd8+ Kxd8 19. Be3 Kc8 20. Rd1 Bf6 21.
f4 Rd8 22. Rxd8+ Kxd8 23. Nf3 Bxb2 24. Nc2 Bd7 25. Ng5 f6 26. Nf3 Bxa4 27. Nb4
c5 28. Nd3 Ba3 29. f5 Bd7 30. g4 c4 31. Nf4 c3 32. Ne1 Ke8 33. Nd5 Bc6 34. Nc7+
Kf7 35. Ne6 Be4 36. Kf2 Be7 37. Nd4 Nxd4 38. Bxd4 c2 39. Bb2 Bc5+ 40. e3 b5 41.
Ke2 b4 42. Nd3 Bxd3+ 43. Kxd3 b3 44. Bc1 a5 45. Kc3 a4 46. h4 Ke7 47. g5 Kd6
48. e4 Ke5 49. Kd3 a3 50. Bd2 c1=Q 0-1

[Event "Toronto Closed-A"]
[Site "Toronto CAN"]
[Date "2022.11.14"]
[Round "2"]
[White "Malakhovets, Sergey"]
[Black "Jaferian, Koosha"]
[Result "0-1"]
[WhiteElo "2198"]
[BlackElo "2355"]
[PlyCount "120"]
[EventDate "2022.09.12"]
[EventType "tourn"]
[EventRounds "9"]
[EventCountry "CAN"]

1. d4 Nf6 2. Bf4 d5 3. e3 c5 4. Nf3 Nc6 5. Nbd2 cxd4 6. exd4 a6 7. c3 Bf5 8.
Ne5 Nxe5 9. dxe5 Nd7 10. Nb3 e6 11. Bd3 Bxd3 12. Qxd3 Qc7 13. Qe3 Be7 14. O-O
O-O 15. Rad1 b5 16. Qg3 Rfc8 17. Rfe1 Nf8 18. h4 Ng6 19. Bg5 Bxg5 20. hxg5 Rab8
21. Rd4 a5 22. a3 Rb7 23. Qe3 Rcb8 24. g4 b4 25. cxb4 axb4 26. a4 Ra8 27. a5
Ne7 28. Rc1 Qd8 29. Rd2 Rc7 30. Rdc2 Rxc2 31. Rxc2 Qd7 32. Qc5 Ng6 33. Qd6 Qa4
34. Nd4 b3 35. Qc6 Qxc6 36. Rxc6 Nxe5 37. Rb6 Nc4 38. Rxb3 h6 39. gxh6 gxh6 40.
Nc6 Ra6 41. Rb8+ Kg7 42. Nd4 Rxa5 43. b4 Ra2 44. b5 Rb2 45. Rb7 Kf6 46. Rc7 Nd6
47. Kg2 Rb4 48. Rc6 Nxb5 49. Nxb5 Rxb5 50. Kf3 d4 51. Kf4 Rd5 52. Rc2 d3 53.
Rd2 Rd4+ 54. Ke3 Ke5 55. f3 f6 56. Rd1 d2 57. f4+ Rxf4 58. Rxd2 Rxg4 59. Rh2
Rg6 60. Kf3 f5 0-1

[Event "Toronto Closed-A"]
[Site "Toronto CAN"]
[Date "2022.09.19"]
[Round "2"]
[White "Plotkin, Victor"]
[Black "Gavrilin, Roman"]
[Result "1/2-1/2"]
[WhiteElo "2414"]
[BlackElo "2267"]
[PlyCount "77"]
[EventDate "2022.09.12"]
[EventType "tourn"]
[EventRounds "9"]
[EventCountry "CAN"]

1. e4 c5 2. Nf3 d6 3. d4 cxd4 4. Nxd4 a6 5. Nc3 Nf6 6. Be2 e5 7. Nb3 Be7 8. O-O
O-O 9. Be3 Be6 10. f4 b5 11. f5 Bd7 12. Bf3 Bc6 13. Qd2 b4 14. Nd5 Nxd5 15.
exd5 Bb5 16. Be2 Bxe2 17. Qxe2 Nd7 18. Rad1 Bg5 19. Bxg5 Qxg5 20. Rd3 Qf6 21.
Rg3 a5 22. Nd2 Nc5 23. Nc4 Nd7 24. Qg4 Ra6 25. Ne3 Kh8 26. Qe2 Raa8 27. Ng4 Qh4
28. f6 Nxf6 29. Nxf6 gxf6 30. Qf2 Qd4 31. Qxd4 exd4 32. Rxf6 Rac8 33. Rf2 Rc5
34. Rg4 d3 35. cxd3 Rc1+ 36. Rf1 Rc2 37. Rf2 Rc1+ 38. Rf1 Rc2 39. Rf2 1/2-1/2

[Event "Toronto Closed-A"]
[Site "Toronto CAN"]
[Date "2022.09.26"]
[Round "3"]
[White "Derraugh, Geordie"]
[Black "Huang, Youhe"]
[Result "0-1"]
[WhiteElo "2337"]
[BlackElo "2232"]
[PlyCount "50"]
[EventDate "2022.09.12"]
[EventType "tourn"]
[EventRounds "9"]
[EventCountry "CAN"]

1. e4 c5 2. Nf3 Nc6 3. d4 cxd4 4. Nxd4 Nf6 5. Nc3 e5 6. Ndb5 d6 7. Nd5 Nxd5 8.
exd5 Nb8 9. a4 Be7 10. Bd2 a6 11. Na3 f5 12. a5 O-O 13. Nc4 Nd7 14. Be2 f4 15.
Bb4 e4 16. Bxd6 Bxd6 17. Nxd6 f3 18. gxf3 exf3 19. Bxf3 Ne5 20. Be4 Qxd6 21.
Qd4 Bg4 22. Rg1 Rae8 23. Kd2 Rf4 24. Bxh7+ Kxh7 25. Qxf4 Nf3+ 0-1

[Event "Toronto Closed-A"]
[Site "Toronto CAN"]
[Date "2022.09.26"]
[Round "3"]
[White "Gavrilin, Roman"]
[Black "Barron, Michael"]
[Result "1-0"]
[WhiteElo "2267"]
[BlackElo "2277"]
[PlyCount "95"]
[EventDate "2022.09.12"]
[EventType "tourn"]
[EventRounds "9"]
[EventCountry "CAN"]

1. d4 f5 2. Bg5 d5 3. e3 Be6 4. Bd3 Nd7 5. h4 Ngf6 6. Nh3 Ne4 7. f3 Nd6 8. h5
Nf6 9. Nf4 Bf7 10. Nd2 c6 11. Qe2 Qa5 12. c3 O-O-O 13. Nb3 Qc7 14. Nc5 Re8 15.
Nfe6 Bxe6 16. Nxe6 Qd7 17. Nc5 Qc7 18. Bf4 e6 19. O-O-O Qf7 20. g4 Nd7 21. Qh2
Nxc5 22. dxc5 Nb5 23. gxf5 Bxc5 24. fxe6 Qxe6 25. Rhe1 g6 26. a4 g5 27. Bxg5
Nd6 28. Bf4 a5 29. Bf1 Kc7 30. Qc2 Kb6 31. Qd2 Nc4 32. Bxc4 dxc4 33. Qd7 Qxd7
34. Rxd7 Rhf8 35. Kd2 Rf5 36. Rxh7 Rd5+ 37. Kc2 Rd3 38. Rf7 Rg8 39. Re2 Rg1 40.
h6 Rdd1 41. e4 Rh1 42. h7 Rdf1 43. Bd2 Rh3 44. e5 Rfh1 45. e6 Rxh7 46. e7 Rxf7
47. e8=Q Rxf3 48. Qe4 1-0